Central Library OPAC University of Rajshahi
Normal view MARC view

Entry Personal Name

Number of records used in: 8

001 - CONTROL NUMBER

  • control field: 16846

003 - CONTROL NUMBER IDENTIFIER

  • control field: BD-RjUL

005 - DATE AND TIME OF LATEST TRANSACTION

  • control field: 20250910122601.0

008 - FIXED-LENGTH DATA ELEMENTS

  • fixed length control field: 250910|| aca||aabn | a|a d

040 ## - CATALOGING SOURCE

  • Original cataloging agency: BD-RjUL
  • Transcribing agency: BD-RjUL

100 ## - HEADING--PERSONAL NAME

  • Personal name: زوربی، سید غلام محی الدین قادری ;; Zorbi, Syed Ghulam Mohiuddin Qadri

670 ## - SOURCE DATA FOUND

  • Source citation: Work cat.: (BD-RjUL)85685: زوربی، سید غلام محی الدین قادری ;; Zorbi, Syed Ghulam Mohiuddin Qadri, تىن شاعر : میر تقی مىیر، میىر انيس، [اور] ہو ریس اسمتھ ؛ [پر ایک تنقیدى ;;; tin shaer : mir taqi my̱yar, mir anis, [or] ho ris smuth ; [par ek tanqeedy̱ / /, 1965